| 000 | 00541cam a2200217ua 4500 | ||
|---|---|---|---|
| 041 |
_amal _h |
||
| 082 |
_a631.53 _bKAY/RA |
||
| 100 | _aRamachandran Nair, S . | ||
| 245 |
_aKayikapravardhanam / _cS Ramachandran Nair. _hTextual Documents |
||
| 250 |
_a1 / _b. |
||
| 260 |
_aThrissur : _bKerala Agricultural University , _c1980. |
||
| 300 | _a146 ; . | ||
| 504 | _a | ||
| 942 | _cBK | ||
| 999 |
_c9993 _d9993 |
||